Statistiques concernant Top 15 des pays avec les décès de Covid-19 - 22 septembre 2021

Cliquez ici pour prendre le quiz!

Statistiques générales

  • Ce quiz a été pris 19 fois
  • Le résultat moyen est 13 sur 25

Statistiques - réponses

pays% Correct
Etats-Unis
100%
France
100%
Mexique
94%
Brésil
88%
Italie
88%
Allemagne
82%
Inde
82%
Royaume-Uni
82%
Argentine
76%
Russie
71%
Belgique
59%
Colombie
59%
Indonésie
59%
Pérou
59%
Afrique du Sud
41%
Iran
35%
Hongrie
29%
Bosnie-Herzégovine
12%
Bulgarie
12%
Paraguay
12%
Slovaquie
12%
Slovénie
12%
Tchèquie
12%
Macédoine du Nord
6%
Géorgie
0%

Distribution des résultats

Percentile par nombre de réponses

% des personnes avec chaque résultat

Votre développement - résultats

Vous n’avez pas pris ce quiz